000 00510nam a2200181Ia 4500
008 240729s9999 xx 000 0 und d
022 _a2581-0588
245 0 _aJurnal Sisfokom
260 _aIndonesia
260 _bLPPM ISB Atma Luhur
650 _a Industrial engineering. Management engineering
650 _a Information technology
650 _a Technology (General)
650 _aTechnology
856 _uhttps://doaj.org/toc/ea00630c2f6241f79041e8d8424d404f
942 _2ddc
942 _cDOAJEJ
999 _c68105
_d68105
945 _a1
_bMadushi Gamage
_c1
_dMadushi Gamage